Bilbao-New York-Bilbao / (Record no. 178896)

MARC details
000 -LEADER
campo de control de longitud fija 00877nam a2200253 4500
001 - NÚMERO DE CONTROL
campo de control 178896
003 - IDENTIFICADOR DE NÚMERO DE CONTROL
campo de control ES-MaACL
005 - FECHA Y HORA DE LA ÚLTIMA TRANSACCIÓN
campo de control 20240129115655.0
008 - DATOS DE LONGITUD FIJA--INFORMACIÓN GENERAL
campo de control de longitud fija 110729s2010 sp af |||| |dcat d
020 ## - NÚMERO INTERNACIONAL ESTÁNDAR DEL LIBRO
Número Internacional Estándar del Libro 978-84-322-1280-2
080 ## - NÚMERO DE LA CLASIFICACIÓN DECIMAL UNIVERSAL
Número de la Clasificación Decimal Universal 821.361-31"20"
100 1# - ENTRADA PRINCIPAL--NOMBRE DE PERSONA
Nombre de persona Uribe Urbieta, Kirmen.
9 (RLIN) 112165
245 10 - MENCIÓN DEL TÍTULO
Título Bilbao-New York-Bilbao /
Mención de responsabilidad, etc. Kirmen Uribe ; traducción del euskera por Ana Arregi.
260 ## - PUBLICACIÓN, DISTRIBUCIÓN, ETC.
Lugar de publicación, distribución, etc. Barcelona :
Nombre del editor, distribuidor, etc. Seix Barral,
Fecha de publicación, distribución, etc. [2010]
300 ## - DESCRIPCIÓN FÍSICA
Extensión 207 p., [1] h. pleg. de lám. col. ;
Dimensiones 23 cm.
490 1# - MENCIÓN DE SERIE
Mención de serie Biblioteca breve
586 ## - NOTA DE PREMIOS
Nota de premios Premio Nacional de Narrativa 2009
700 1# - ENTRADA AGREGADA--NOMBRE PERSONAL
Nombre de persona Arregi, Ana.
9 (RLIN) 23243
700 1# - ENTRADA AGREGADA--NOMBRE PERSONAL
Nombre de persona Arteta, Aurelio.
9 (RLIN) 23456
830 0# - PUNTO DE ACCESO ADICIONAL DE SERIE-TÍTULO UNIFORME
Título uniforme Biblioteca breve (Seix Barral)
9 (RLIN) 227188
852 ## - LOCALIZACIÓN
Ubicación ES-MaACL
Número de control de estantería A-11392
itemnumber 185762
Sublocalización o colección R.145870
Ubicación en estantería Depósito 1
Signatura antigua Olim: N-4396
942 ## - ELEMENTOS DE ENTRADA SECUNDARIOS (KOHA)
Fuente del sistema de clasificación o colocación Clasificación decimal universal
Tipo de ítem Koha Libro impreso
Holdings
Estatus retirado Estado de pérdida Fuente del sistema de clasificación o colocación Estado de daño No para préstamo Biblioteca de origen Biblioteca actual Ubicación en estantería Fecha de adquisición Fuente de adquisición Total de préstamos Signatura topográfica completa Código de barras Visto por última vez Precio de reemplazo Tipo de ítem Koha
    Clasificación decimal universal     Biblioteca del Ateneo de Madrid Biblioteca del Ateneo de Madrid Depósito 1 29/07/2011 Compra   A-11392 1187917 23/02/2023 23/02/2023 Libro impreso